000 00957cam a2200325 a 4500
999 _c8239
_d8239
001 8239
003 BD-JhCC
005 20180718194911.0
008 020607r19981981ii | |||| ||eng|
020 _a1897829426
029 _aR9828
035 _a(BD-JhCC)8239
035 _a1496568
040 _aDB/U-1
_dBD-JhCC
041 _aeng
082 _bSUK 1981
_a355.033554
100 0 _aSukhwant Singh,
_d1916-
245 1 0 _aDefence of the western border /
_cSukhwant Singh.
260 _aNew Delhi :
_bLancer ;
_aLondon :
_bSpantech & Lancer,
_cc1998.
300 _aviii,428p ;
_c23cm.
490 0 _aIndia's wars of independence ;
_vvol.2
500 _aOriginally published: 1981.
651 0 _aIndia
_xBoundaries
_zPakistan.
651 0 _aPakistan
_xBoundaries
_zIndia.
651 0 _aIndia
_xMilitary policy.
651 0 _aIndia
_xForeign relations
_zPakistan.
651 0 _aPakistan
_xForeign relations
_zIndia.
942 _2ddc
_cBK